Normal view
MARC view
- القباطي، صبحي سعيد علي
Entry Personal Name
001 - CONTROL NUMBER
- control field: 64769
003 - CONTROL NUMBER IDENTIFIER
- control field: JO-AjAnu
005 - DATE AND TIME OF LATEST TRANSACTION
- control field: 20231209135400.0
008 - FIXED-LENGTH DATA ELEMENTS
- fixed length control field: 231209|| aca||aabn | a|a d
040 ## - CATALOGING SOURCE
- Original cataloging agency: JO-AjAnu
100 ## - HEADING--PERSONAL NAME
- Linkage: القباطي، صبحي سعيد علي
- Personal name: القباطي، صبحي سعيد علي